| 000 | 00847nam a22002657a 4500 | ||
|---|---|---|---|
| 001 | 6431 | ||
| 003 | FISKH | ||
| 005 | 20250704081823.0 | ||
| 008 | 250430b cb ||||| |||| 00| 0 eng d | ||
| 040 |
_aFISKH _beng _cFISKH _dFISKH |
||
| 050 | _aPZ8.A223 | ||
| 082 | _a398.8 | ||
| 100 | _aAdams, Pam | ||
| 245 |
_aThis is the house that Jack built / _cillustrated by Pam Adams |
||
| 260 |
_aSwindon : _bChild Play's, _c1977. |
||
| 300 |
_a16 unnumbered pages : _bcolor illustrations ; _c21 cm |
||
| 505 | _aC | ||
| 520 | _aA cumulative nursery rhyme about the chain of events that started when Jack built a house. Features die-cut pages. | ||
| 521 | 8 |
_a100
_bLexile estimate |
|
| 521 | 8 |
_aC
_bRaz-Plus |
|
| 650 |
_aNursery Rhymes _vBig Books |
||
| 700 |
_aAdam, Pam _eillustrator |
||
| 942 |
_2ddc _cBK _n0 |
||
| 999 |
_c6431 _d6431 |
||